Normal view
MARC view
Entry Personal Name
001 - CONTROL NUMBER
- control field: 3817
003 - CONTROL NUMBER IDENTIFIER
- control field: BD-RjUL
005 - DATE AND TIME OF LATEST TRANSACTION
- control field: 20220622101923.0
008 - FIXED-LENGTH DATA ELEMENTS
- fixed length control field: 220622|| aca||aabn | a|a d
040 ## - CATALOGING SOURCE
- Original cataloging agency: BD-RjUL
- Transcribing agency: BD-RjUL
100 ## - HEADING--PERSONAL NAME
- Personal name: Ghalib, Mirza Asadullah Khan,
- Dates associated with a name: 1797-1869
- General subdivision: Correspondence
670 ## - SOURCE DATA FOUND
- Source citation: Work cat.: (BD-RjUL)80019: غالب, ميرزا أسد الله خان,;; Ghalib, Mirza Asadullah Khan, 3816, خطوط غالب : طنز و مزاح / K̲h̲ut̤ūt̤-i G̲h̲ālib /, 1987.